000 00753cam a22002535a 4500
001 L148609
002 7292
008 091013s2009 xxk f 000 0 eng d
020 _a9780721905525
035 _a(Sirsi) u148609
041 0 _aeng
050 0 4 _a711.52 $2 18
100 1 _aClayden, Paul
245 0 4 _aThe law of parks and open spaces
260 _aCrayford (Kent)
_bShaw & Sons
_c2009
300 _axxviii, 194cm.
_c22cm.
350 _a24.95
520 _aDiscusses the history of parks and open spaces, and looks at the law affecting them, including their acquisition, disposal and management.
521 _aAdvanced
590 _aKA
651 4 _aEngland and Wales
_y1543-
690 _aPlanning and development
_96259
942 _n0
999 _c110129
_d110129